Derecho ambiental y desarrollo sustentable: reflexiones en torno a la preservación y protección del ambiente
Saved in:
| Hovedforfatter: | |
|---|---|
| Format: | Bog |
| Sprog: | spansk |
| Udgivet: |
Ciudad de México
Instituto de Estudios Parlamentarios Eduardo Neri
2000
|
| Udgivelse: | 1a. ed |
| Serier: | Compila, 5
|
| Fag: | |
| Tags: |
Tilføj Tag
Ingen Tags, Vær først til at tagge denne postø!
|
MARC
| LEADER | 00000nam a2200000 a 4500 | ||
|---|---|---|---|
| 001 | UCK4534 | ||
| 003 | CL-VaPUC | ||
| 008 | 050610e20000000mx |||||||||||||||||spa|d | ||
| 020 | |a 9687772131 | ||
| 082 | 0 | 4 | |a 363.7 |b GAR |2 21 |
| 100 | 0 | |a Garza Grimaldo, José Gilberto |e author |9 493064 | |
| 245 | 1 | 0 | |a Derecho ambiental y desarrollo sustentable: reflexiones en torno a la preservación y protección del ambiente |
| 250 | |a 1a. ed | ||
| 300 | |a 374 p | ||
| 942 | |c BK | ||
| 945 | |d 20050610 00:00:00 |a cmena | ||
| 260 | |a Ciudad de México |b Instituto de Estudios Parlamentarios Eduardo Neri |c 2000 | ||
| 650 | 0 | |a Política ambiental |9 262970 | |
| 650 | 0 | |a Desarrollo sustentable |9 333905 | |
| 650 | 0 | |a Derecho ambiental |9 257835 | |
| 650 | 0 | |a Protección del medio ambiente |9 257626 | |
| 583 | |a last modification |c 20161003 09:44:24 |k Rodrigo Vera | ||
| 490 | 0 | |a Compila, 5 | |
| 999 | |c 313364 |d 313362 | ||
| 952 | |0 0 |1 0 |4 0 |6 363_700000000000000_GAR_2000 |7 0 |8 A |9 384688 |a BIBDER |b BIBDER |d 2019-11-22 |i 4118995 |o 363.7 GAR 2000 |p 4118995 |r 2023-01-25 |w 2019-11-22 |y BK |k DER | ||